000 02102nam2a22003491 4500
001 rc\4072682
005 20260407064515.0
010 _bВ пер.
_d12 р. 15 к.
_97000
021 _aRU
_b[53-15582]
035 _a(NLR Aleph) 008120900
090 _a9363512
_c9363512
100 _a20130415d1953 |||y0rusy50 ca
101 0 _arus
102 _aRU
105 _aa z ||||c
200 1 _a[Сложение пейзажной живописи во второй половине XIX века
_aА.К. Саврасов
_aИ.И. Шишкин]
210 _aМосква
_cИздательство Государственной Третьяковской галереи
_d1953
215 _a178 с., 22 л. ил.
_d23
461 0 _1001rc\4072681
_12001#$aМастера русского реалистического пейзажа$eочерки$fФ.С. Мальцева$gпод общ. ред. Г.В. Жидкова$vВып. 1
_99363506
_aМальцева, Ф.С.
_cМосква
_d1953-1959
_fФ.С. Мальцева
_oочерки
_p2 т.
_tМастера русского реалистического пейзажа
_vВып. 1
532 1 0 _aАлексей Кондратьевич Саврасов
_aИван Иванович Шишкин
_zrus
540 1 _aСаврасов Алексей Кондратьевич
_aШишкин Иван Иванович
600 0 1 _aСаврасов
_bА.К.
_f1830 - 1897
_gАлексей Кондратьевич
_91062862
_3RU\NLR\AUTH\66412681
600 0 1 _aШишкин
_bИ. И.
_f1832 - 1898
_gИван Иванович
_9890199
_3RU\NLR\AUTH\66321847
686 0 _aЩ143(2=Рус)52-476
_2rubbk
702 1 _4570
_8rus
_7ca
_aСаврасов
_bА. К.
_cхудожник
_f1830-1897
_gАлексей Кондратьевич
_3RU\NLR\AUTH\7746049
_928984
702 1 _4570
_8rus
_7ca
_aШишкин
_bИ. И.
_cхудожник
_f1832-1898
_gИван Иванович
_3RU\NLR\AUTH\7714767
_9124433
801 0 _aRU
_bNLR
_c20130415
_gpsbo
801 1 _aRU
_bELAR
_c20130415
_2rusmarc
801 2 _aRU
_bNLR
_c20170307
_2rusmarc
852 _aNLR
_jИс30 Г-5/79
942 _cBOOK
980 _aNB